Английский язык (Запись № 11632173)

Подробности
000 -МАРКЕР
контрольное поле 01354nam0a2200301 4500
001 - ИДЕНТИФИКАТОР ЗАПИСИ
контрольное поле RU\NLR\BIBL_A\011426874
005 - ИДЕНТИФИКАТОР ВЕРСИИ
контрольное поле 20260406154128.0
035 ## - ДРУГИЕ СИСТЕМНЫЕ НОМЕРА
Идентификатор записи (NLR Aleph) 011426874
100 ## - ДАННЫЕ ОБЩЕЙ ОБРАБОТКИ
Данные общей обработки 20170627d1986 |||y0rusy50 ca
101 0# - ЯЗЫК РЕСУРСА
Язык текста, звукозаписи и т.д. русский
-- английский
102 ## - СТРАНА ПУБЛИКАЦИИ ИЛИ ПРОИЗВОДСТВА
Страна публикации российская федерация
105 ## - ПОЛЕ КОДИРОВАННЫХ ДАННЫХ: ТЕКСТОВЫЕ МАТЕРИАЛЫ, МОНОГРАФИЧЕСКИЕ
Кодированные данные о монографическом текстовом документе a|||j|||000zy
200 1# - ЗАГЛАВИЕ И СВЕДЕНИЯ ОБ ОТВЕТСТВЕННОСТИ
Основное заглавие Английский язык
Сведения, относящиеся к заглавию курс для начинающих
210 ## - ПУБЛИКАЦИЯ, РАСПРОСТРАНЕНИЕ И ДР.
Место издания, распространения и т.д. Москва
Имя издателя, распространителя и т. д. Высшая школа
Дата издания, распространения и т.д. 1986
215 ## - ФИЗИЧЕСКАЯ ХАРАКТЕРИСТИКА
Специфическое обозначение материала и объем 511, [1] с.
Другие сведения о физической характеристике ил.
Размеры 21
300 ## - ОБЩИЕ ПРИМЕЧАНИЯ
Текст примечания Пер. англ.: English course book for beginners / N.A. Bonk, I.I. Levina
512 1# - ЗАГЛАВИЕ ОБЛОЖКИ
Связь между полями z33790
Заглавие обложки English course book for beginners
Язык заглавия английский
686 1# - ИНДЕКСЫ ДРУГИХ КЛАССИФИКАЦИЙ
Индекс Ш143.21-93рус3
700 #1 - ИМЯ ЛИЦА - ПЕРВИЧНАЯ ОТВЕТСТВЕННОСТЬ
Материалы, к которым относится поле rus
Графика поля Кириллица
Начальный элемент ввода Бонк
Часть имени, кроме начального элемента ввода Н. А.
Даты 1924-2020
Расширение инициалов личного имени Наталья Александровна
Идентификатор авторитетной/нормативной записи RU\NLR\AUTH\776835
Системный номер авторитетной/нормативной записи 116782
701 #1 - ИМЯ ЛИЦА - АЛЬТЕРНАТИВНАЯ ОТВЕТСТВЕННОСТЬ
Материалы, к которым относится поле rus
Графика поля Кириллица
Начальный элемент ввода Левина
Часть имени, кроме начального элемента ввода И. И.
Дополнения к именам, кроме дат канд. филол. наук
Расширение инициалов личного имени Изадора Ильинична
Идентификатор авторитетной/нормативной записи RU\NLR\AUTH\7748819
Системный номер авторитетной/нормативной записи 31754
790 #1 - ИМЯ ЛИЦА - АЛЬТЕРНАТИВНАЯ ФОРМА
Графика поля Латинская
Материалы, к которым относится поле rus
Начальный элемент ввода Bonk
Часть имени, кроме начального элемента ввода N. A.
Даты 1924-2020
Расширение инициалов личного имени Natal'ja Aleksandrovna
Системный номер авторитетной/нормативной записи 175235
Идентификатор авторитетной/нормативной записи RU\NLR\AUTH\770175286
790 #1 - ИМЯ ЛИЦА - АЛЬТЕРНАТИВНАЯ ФОРМА
Графика поля Латинская
Материалы, к которым относится поле rus
Начальный элемент ввода Levina
Часть имени, кроме начального элемента ввода I. I.
Дополнения к именам, кроме дат канд. филол. наук
Расширение инициалов личного имени Izadora Il'inična
Системный номер авторитетной/нормативной записи 175237
Идентификатор авторитетной/нормативной записи RU\NLR\AUTH\770175288
852 ## - МЕСТОНАХОЖДЕНИЕ И ШИФР ХРАНЕНИЯ
Идентификатор организации NLR
Шифр хранения (Call Number) 86-3/4150
942 ## - ДОПОЛНИТЕЛЬНЫЕ ЭЛЕМЕНТЫ ЗАПИСИ (АБИС)
Тип экземпляра АБИС Книга
980 ## - КОЛЛЕКЦИЯ
Название коллекции Национальная библиография
Экземпляры
Тип экземпляра Дата поступления Стоимость Библиотека постоянного хранения Библиотека текущего хранения Место хранения Шифр хранения Штрих-код Статус не для выдачи
Книга 03.07.2017 1.20 РНБ (Фонтанка) РНБ (Фонтанка) Юношеский читальный зал Ю Ш143.21/Б-81 1-1157389